Great applications for business school / (Record no. 554)
[ view plain ]
| 000 -LEADER | |
|---|---|
| fixed length control field | 01049cam a22003134a 4500 |
| 003 - CONTROL NUMBER IDENTIFIER | |
| control field | ALUPE UNIVERSITY |
| 005 - DATE AND TIME OF LATEST TRANSACTION | |
| control field | 20210615100116.0 |
| 008 - FIXED-LENGTH DATA ELEMENTS--GENERAL INFORMATION | |
| fixed length control field | 100831s2011 nyua 000 0 eng |
| 020 ## - INTERNATIONAL STANDARD BOOK NUMBER | |
| International Standard Book Number | 0071746552 (alk. paper) |
| 040 ## - CATALOGING SOURCE | |
| Transcribing agency | DLC |
| 043 ## - GEOGRAPHIC AREA CODE | |
| Geographic area code | n-us--- |
| 050 00 - LIBRARY OF CONGRESS CALL NUMBER | |
| Classification number | HF1131 |
| Item number | .B543 2011 |
| 100 1# - MAIN ENTRY--PERSONAL NAME | |
| Personal name | Bodine, Paul, |
| Dates associated with a name | 1959- |
| 245 10 - TITLE STATEMENT | |
| Title | Great applications for business school / |
| Statement of responsibility, etc. | Paul S. Bodine. |
| 250 ## - EDITION STATEMENT | |
| Edition statement | 2nd ed. |
| 260 ## - PUBLICATION, DISTRIBUTION, ETC. | |
| Place of publication, distribution, etc. | New York : |
| Name of publisher, distributor, etc. | McGraw-Hill, |
| Date of publication, distribution, etc. | c2011. |
| 300 ## - PHYSICAL DESCRIPTION | |
| Extent | xvii, 233 p. : |
| Other physical details | ill. ; |
| Dimensions | 24 cm. |
| 500 ## - GENERAL NOTE | |
| General note | Rev. ed. of: Great application essays for business school. 2006. |
| 650 #0 - SUBJECT ADDED ENTRY--TOPICAL TERM | |
| Topical term or geographic name entry element | Business schools |
| Geographic subdivision | United States |
| General subdivision | Admission. |
| 650 #0 - SUBJECT ADDED ENTRY--TOPICAL TERM | |
| Topical term or geographic name entry element | Exposition (Rhetoric) |
| 650 #0 - SUBJECT ADDED ENTRY--TOPICAL TERM | |
| Topical term or geographic name entry element | College applications |
| Geographic subdivision | United States. |
| 650 #0 - SUBJECT ADDED ENTRY--TOPICAL TERM | |
| Topical term or geographic name entry element | Business writing. |
| 906 ## - LOCAL DATA ELEMENT F, LDF (RLIN) | |
| a | 7 |
| b | cbc |
| c | orignew |
| d | 1 |
| e | ecip |
| f | 20 |
| g | y-gencatlg |
| 942 ## - ADDED ENTRY ELEMENTS (KOHA) | |
| Source of classification or shelving scheme | |
| Koha item type | Book |
| Suppress in OPAC | DO |
| Withdrawn status | Lost status | Source of classification or shelving scheme | Damaged status | Not for loan | Permanent Location | Current Location | Shelving location | Date acquired | Total Checkouts | Full call number | Barcode | Date last seen | Price effective from | Koha item type | Public note |
|---|---|---|---|---|---|---|---|---|---|---|---|---|---|---|---|
| AU LIBRARY | AU LIBRARY | Open Shelf | 15.06.2021 | HF1131 .B543 2011 | 28000184 | 15.06.2021 | 15.06.2021 | Book | DO |